<The> consequences of a flexible labour market for Polish families

Príspevok popisuje proces deregulácie poľského trhu práce, predstavuje flexibilné formy zamestnávania používané zamestnávateľmi v Poľsku a tiež polemizuje o ich vplyve na sociálnu a ekonomickú situáciu rodín, ktorých členovia sú zamestnaní na základe týchto typov zmlúv.

Gespeichert in:
Bibliographische Detailangaben
1. Verfasser: Ucieklak-Jeż, Paulina
Weitere Verfasser: Kulesza, Marek
Format: Buchkapitel
Sprache:Englisch
Schlagworte:
Tags: Tag hinzufügen
Keine Tags, Fügen Sie das erste Tag hinzu!

MARC

LEADER 00000nla a2200000 4500
001 0192667
005 20240417075049.3
041 0 |a eng 
044 |a SK 
245 1 0 |a <The> consequences of a flexible labour market for Polish families  |c Paulina Ucieklak-Jeż, Marek Kulesza 
520 |a Príspevok popisuje proces deregulácie poľského trhu práce, predstavuje flexibilné formy zamestnávania používané zamestnávateľmi v Poľsku a tiež polemizuje o ich vplyve na sociálnu a ekonomickú situáciu rodín, ktorých členovia sú zamestnaní na základe týchto typov zmlúv. 
610 2 0 |a trh práce 
610 2 0 |a deregulácia 
610 2 0 |a zamestnanie 
610 2 0 |a flexibilita 
610 2 0 |a flexikurita 
610 2 0 |a rodina 
610 2 0 |a situácia sociálna 
610 2 0 |a Poľsko 
100 1 |a Ucieklak-Jeż, Paulina 
700 1 |a Kulesza, Marek